[Event "FRA-chT Top 16 Gp Haute"]
[Site "Guingamp"]
[Date "2010.06.03"]
[Round "8.1"]
[White "Eljanov, Pavel"]
[Black "Tregubov, Pavel V"]
[Result "1-0"]
[WhiteElo "2736"]
[BlackElo "2622"]
[Annotator "Primel,D"]
[PlyCount "121"]
[EventDate "2010.06.03"]
[EventType "team-tourn"]
[EventRounds "11"]
[EventCountry "FRA"]
[SourceTitle "EXT 2011"]
[Source "ChessBase"]
[SourceDate "2010.11.26"]
[SourceVersion "1"]
[SourceVersionDate "2010.11.26"]
[SourceQuality "1"]
[WhiteTeam "Evry Grand Roque"]
[BlackTeam "Clichy"]
[WhiteTeamCountry "FRA"]
[BlackTeamCountry "FRA"]

1. d4 {L'ukrainien est en forme depuis plusieurs mois et il venait de
remporter notamment le grand-prix d'Astrakhan.} f5 {La défense hollandaise a
longtemps également porté le nom de défense "De Rivière" car le nantais l'a
popularisé au 19ème siècle mais cette appellation est aujourd'hui oubliée.} 2.
g3 Nf6 3. Bg2 d6 {Le choix des noirs est assez surprenant car le clichois n'a
jamais joué la variante Leningrad selon les bases.} 4. Nf3 g6 5. b4 $5 {
[%csl Gc5] Une ligne secondaire qui permet de surcontrôler la case "e5" comme
dans la variante 5.b3 tout en gardant l'option d'une attaque de minorité} (5.
O-O $142 {La grande ligne} Bg7 6. b3 (6. c4 O-O 7. Nc3 {Retombe sur la
position critique de la variante Leningrad} Qe8 (7... Nc6) (7... c6)) 6... O-O
7. Bb2 {[%csl Ge5]}) (5. c4) (5. b3 {[%csl Ge5][%cal Gc1b2] avec un plan
identique а la partie pour surcontroler "e5" tout en retardant la poussée "c4"}
Bg7 6. Bb2 O-O 7. O-O c6 8. Nbd2 $14 {[%csl Ge5]}) 5... Bg7 (5... a5 6. b5 {
[%csl Rb8]} c6 (6... Nbd7) 7. c4 (7. a4 Bg7 8. O-O cxb5 9. axb5 {[%csl Ga5]
[%cal Ga5a1]}) 7... Bg7 8. O-O O-O 9. Bb2 $14) (5... c6 $5 {[%cal Ga7a5] la
poussée b4 au lieu de b3 n'offre pas que des avantages aux blancs et les noirs
peuvent essayer d'en profiter en s'activant а l'aile-dame} 6. a4 (6. O-O a5 $1)
(6. c4 a5 7. b5 $14) 6... a5 7. b5) 6. Bb2 {[%csl Re5]} (6. O-O) 6... O-O 7. c4
(7. O-O {L'alternative est de retarder la poussée "c4" pour accélérer le
développement} c6 (7... Qe8 $143 {N'a pas très bonne réputation théorique} 8.
c4 (8. Qd3 $5)) 8. Nbd2 a5 9. a3 (9. bxa5 {Pushkov,N (2514)-Golcman,E (2252)
RUS-ch Seniors 2008 (9) 1/2})) 7... Qe8 {[%cal Ge7e5,Ge8f7]} (7... c6 {la
grande ligne}) 8. O-O Nc6 {[%cal Ge7e5] Un coup provocateur mais le N noir
sera ensuite recyclé а l'aile-roi} (8... c6 9. Nbd2 h6 {[%cal Gg6g5]} 10. Qc2
Na6 (10... g5) 11. a3 Nc7 12. Rfe1 Qf7 13. a4 Bd7 14. b5 Rac8 15. bxc6 Bxc6 16.
Qb3 Na6 17. Rec1 Ne4 18. Nf1 g5 19. Ne1 e5 20. Qd1 g4 21. d5 Be8 22. Nd3 Nac5
23. Nd2 {Tregubov,P (2629)-Netzer,J (2384)/Noyon 2005/CBM 105 ext/0-1 (40)}) 9.
b5 Nd8 {[%cal Gd8f7]} 10. Nbd2 c6 11. a4 {[%cal Gb2a3,Ga4b5,Gc4c5]} (11. Qb3 {
[%cal Gb3g8]} Ne6) 11... Nf7 $146 {[%cal Ge7e5]} (11... Kh8 {Garcia Paolicchi,
R (2284)-Conquest,S (2564) Pamplona op 2005 (3) 1-0}) (11... Ne6 $5 12. e3 Bd7
(12... a6 13. b6 {[%csl Gc7]} (13. Qb3)) (12... h6 13. Qc2 Ng5 (13... Bd7) 14.
Nxg5 hxg5 {[%cal Gf5f4]}) 13. Qb3 {[%cal Gb3g8]} Kh8 (13... Ne4 14. Nxe4 fxe4
15. Nd2 $16) 14. Rab1 Qf7 (14... Rb8 {[%cal Gb7c6,Gb8b3]})) 12. e3 Kh8 {
[%cal Gf8g8,Gg6g5]} (12... e5 $5 13. bxc6 bxc6 14. dxe5 dxe5 15. Ba3 {[%csl
Rf8]}) 13. Ba3 Rg8 {[%csl Rg8] Un plan trés lent et assez risqué} 14. c5 $5 (
14. bxc6 $5 bxc6 15. Rb1 $14) (14. Rb1 $5) 14... d5 {[%csl Rc8,Ge5,Re8][%cal
Gc6b5] Une concession et les noirs manquent un peu d'espace} (14... cxb5 15.
axb5 Qxb5 16. Rb1 Qe8 17. cxd6 Nxd6 18. Ne5 $44) 15. Rb1 Ne4 16. Qc2 (16. Qb3
$143 e5 $1 $132 {[%cal Ge4d2]} (16... Bd7 17. Rfd1 $14)) 16... Bd7 $1 17. bxc6
Bxc6 {[%cal Gc6a4]} (17... bxc6 $6 18. Rb7 $16 {[%csl Gb7]}) 18. a5 $14 {
[%csl Rb7,Rc6][%cal Ga5a6] Les blancs ont un bon avantage d'espace et
l'attaque noire а l'aile-roi est en retard mais en fait, il est plus facile
d'améliorer la position des noirs} a6 $8 {[%csl Rb6]} (18... g5 19. a6 $1 $36)
(18... e5 19. a6) 19. Rb6 {Semble un peu lent} (19. Ne1 {[%cal Ge1d3,Gd3b4,
Gb4c6,Gf2f3]} e5 $132 (19... Ba4)) 19... g5 20. Ne1 e5 $1 21. Ndf3 (21. Nd3
exd4 22. exd4 Bxd4 23. Bb2 {[%cal Gb2h8]} Bxb2 24. Qxb2+ Rg7 {[%csl Rg7,Rh8]}
25. Re1 {[%cal Ge1e8,Gf2f3]} Qd7 26. Nf3 Re8 27. Nd4 $44 {[%csl Gd4][%cal
Gd4f5]}) (21. Bb2 $5 {la pression sur la diagonale empêche la poussée des
noirs f5f4} exd4 (21... f4 $2 22. Nxe4) 22. Bxd4 Ne5 $36 {[%csl Ge5]}) (21. Nb3
{[%cal Gb3d4]}) 21... f4 $132 22. Nxe5 Nxe5 23. dxe5 fxe3 24. fxe3 Qxe5 25. Nd3
Qe6 (25... Qe7 $5 {Evite le clouage sur la 06ème rangée} 26. Nb4 {[%cal Gb4c6]}
Nxg3 $1 27. hxg3 Qxe3+ $132 {[%cal Ge3a3,Ge3g1]}) 26. Bb2 Rgf8 (26... Raf8) 27.
Nb4 $1 {[%cal Gb4c6]} Rxf1+ 28. Bxf1 Rf8 29. Nxc6 bxc6 30. Rb7 Be5 31. Bxe5+
Qxe5 32. Qd3 Qf6 $2 (32... Qf5 $36 {[%csl Rf2] Evite l'échange des Q tout en
gardant l'initiative sur la colonne "f"}) 33. Qd4 $1 {[%cal Gd4h8] Transposant
dans une bonne finale pour les blancs} Qxd4 34. exd4 Rf2 35. Bxa6 Ra2 36. Bd3
Nd2 {[%cal Gd2f3,Gf3h2]} 37. Kf2 $1 {n'ayant pas peur de la découverte} Nc4+
38. Kf3 {[%csl Rc6][%cal Gb7h7] la finale est nettement meilleure pour les
blancs} Nxa5 39. Rxh7+ Kg8 40. Ra7 $1 {[%csl Ra2][%cal Ga7a2]} Ra3 41. Kg4 $1
$40 (41. Ke2 Ra2+ 42. Kd1 Ra1+ 43. Kc2 Ra2+ 44. Kc3 {[%cal Gc3b4]} Ra3+ 45. Kb4
Rxd3 46. Kxa5 Rxd4 47. Kb6 $18 {[%csl Rc6,Rg8]}) 41... Rxd3 42. Rxa5 Rxd4+ 43.
Kxg5 Rc4 44. Kg6 $1 {[%csl Rg8][%cal Ga5a8,Gh2h4,Gh4h5]} Rg4+ (44... Kf8) 45.
Kf5 Rc4 46. Kg6 {Répète les coups pour gagner du temps avec l'incrément} Rg4+
47. Kf6 $1 Rc4 48. h4 $18 {Les noirs sont impuissants face а la majorité de
l'aile-roi} Kh7 49. Ke5 d4 50. Ke4 Kg6 51. Kd3 Rb4 52. Ra6 Kf5 53. Rxc6 Ke5 54.
Rg6 Rb3+ 55. Kc4 Rc3+ 56. Kb4 Rc1 57. h5 Rb1+ 58. Kc4 Rc1+ 59. Kb5 Rb1+ 60. Kc6
Ra1 61. Kb6 {[%mdl 4096]} 1-0

[Event "Rohde op 09th"]
[Site "Sautron"]
[Date "2009.10.30"]
[Round "8"]
[White "Gharamian, Tigran"]
[Black "Philippe, Christophe"]
[Result "1-0"]
[WhiteElo "2611"]
[BlackElo "2430"]
[Annotator "RR"]
[PlyCount "47"]
[EventDate "2009.10.24"]
[EventType "swiss"]
[EventRounds "9"]
[EventCountry "FRA"]
[SourceTitle "EXT 2010"]
[Source "ChessBase"]
[SourceDate "2010.11.25"]
[SourceVersion "1"]
[SourceVersionDate "2010.11.25"]
[SourceQuality "1"]

1. Nf3 f5 2. d4 Nf6 3. c4 g6 4. g3 Bg7 5. Bg2 O-O 6. Nc3 d6 7. O-O Qe8 (7...
Nc6) (7... c6) 8. Re1 Qf7 {[%cal Gf7c4]} 9. e4 {Une ligne secondaire} (9. b3 {
la grande ligne}) 9... Nxe4 (9... fxe4 10. Ng5 Qxc4 11. Ngxe4 $14) 10. Nxe4
fxe4 11. Rxe4 Qxc4 (11... Bf5 12. Ng5 $1 Qe8 13. Re3 Bh6 14. Rb3 $36 {[%csl
Rb7]}) 12. Rxe7 Bg4 $6 $146 ({RR} 12... Na6 13. Be3 c6 14. Nd2 Qb4 15. a3 Qa5
16. Nc4 Qd8 17. Bg5 Bf6 18. Bxf6 Rxf6 19. Re3 Nc7 20. d5 c5 21. Qd2 Rf7 22.
Rae1 b5 23. Na5 Bd7 24. Nb7 Qf8 25. Nxc5 dxc5 26. d6 Ne6 27. Bxa8 {Richter,M 
(2427)-Hagesaether,E (2249)/Pardubice 2009/Mega2009 Update 30/1-0 (31)}) 13.
Ne5 $1 Bxd1 14. Nxc4 Nc6 (14... Bf3 $5 15. Bxf3 Rxf3 16. Rxc7 Bxd4 {[%csl Rf2]}
) 15. Rxc7 (15. Bd5+ Kh8 16. Rxc7 $36) 15... Nxd4 $2 16. Bd5+ Kh8 17. Bh6 $1
Bxh6 18. Rxd1 $18 Nf5 19. Rxb7 Bg5 20. Be4 Rac8 21. b3 Rc5 22. Rxa7 d5 23. Rxd5
Rxd5 24. Bxd5 1-0

[Event "Rohde op 09th"]
[Site "Sautron"]
[Date "2009.10.30"]
[Round "8"]
[White "Agrest, Evgenij"]
[Black "Haub, Thorsten Michael"]
[Result "1/2-1/2"]
[WhiteElo "2588"]
[BlackElo "2478"]
[Annotator "RR"]
[PlyCount "65"]
[EventDate "2009.10.24"]
[EventType "swiss"]
[EventRounds "9"]
[EventCountry "FRA"]
[SourceTitle "EXT 2010"]
[Source "ChessBase"]
[SourceDate "2010.11.25"]
[SourceVersion "1"]
[SourceVersionDate "2010.11.25"]
[SourceQuality "1"]

1. Nf3 g6 2. c4 Bg7 3. g3 f5 4. d4 (4. Bg2 e5 $132) 4... Nf6 5. b4 {une ligne
secondaire et cette idée b4 est généralement jouée plus tard} (5. Bg2 {la
grande ligne}) 5... O-O (5... d6) 6. Bb2 c6 7. Bg2 d5 ({RR} 7... Na6 8. a3 Nc7
9. O-O d6 10. Nbd2 Kh8 11. a4 a6 12. Ne1 Qe8 13. Nd3 Be6 14. Rc1 g5 15. e3 Rd8
16. Qe2 Qf7 17. f3 Bc8 18. e4 fxe4 19. fxe4 Qh5 20. Qxh5 Nxh5 21. Rxf8+ Rxf8
22. d5 {Kramnik,V (2751)-Illescas Cordoba,M (2585)/Dos Hermanas 1999/CBM 071/
1-0 (55)}) (7... d6 {la grande ligne}) 8. Nbd2 Ne4 9. O-O Be6 10. Qc2 Nd7 (
10... Kh8 {[%cal Ge6g8]}) 11. a4 Kh8 12. e3 Nd6 13. b5 Rc8 14. c5 $14 {[%csl
Rc8]} Ne4 15. bxc6 bxc6 16. Nb3 {[%cal Gb3a5,Ga5c6]} Rb8 17. Rab1 Rb4 $11 18.
a5 Qc7 19. Nfd2 Rfb8 20. Bc3 Nxc3 21. Qxc3 Nf6 22. f3 Bc8 23. Na1 Rxb1 24. Rxb1
Ba6 25. Rxb8+ Qxb8 26. Qb3 Nd7 27. Qxb8+ Nxb8 28. f4 Nd7 29. Nc2 e6 30. Nb4 Nb8
31. Bf1 Bxf1 32. Kxf1 Bf6 33. Nb3 1/2-1/2

[Event "Plancoet op-A 10th"]
[Site "Plancoet"]
[Date "2013.08.01"]
[Round "6"]
[White "Milchev, Nikolay"]
[Black "Dionisi, Thomas"]
[Result "1-0"]
[WhiteElo "2428"]
[BlackElo "2301"]
[Annotator "RR"]
[PlyCount "85"]
[EventDate "2013.07.28"]
[EventType "swiss"]
[EventRounds "9"]
[EventCountry "FRA"]
[SourceTitle "EXT 2017"]
[Source "ChessBase"]
[SourceDate "2016.10.25"]
[SourceVersion "1"]
[SourceVersionDate "2016.10.25"]
[SourceQuality "1"]
[TimeControl "40/5400+30:1800+30"]

1. Nf3 f5 2. g3 Nf6 3. Bg2 g6 4. d4 Bg7 5. c4 O-O 6. b4 {[%csl Gc5]} d6 7. Bb2
Qe8 8. Nbd2 (8. O-O c6 9. Nbd2 Nbd7 10. Qb3 h6 11. Rae1 Qf7 12. a4 Rb8 13. Qc2
a6 14. Nh4 e5 15. e4 f4 16. c5 dxc5 17. bxc5 Nh7 18. gxf4 exd4 19. f5 Ne5 20.
f4 Qf6 21. fxe5 Qxh4 22. Qb3+ Kh8 23. f6 Nxf6 24. exf6 Rxf6 25. Nf3 Qh5 26.
Bxd4 Be6 27. Qc3 Rbf8 28. Bxf6 Rxf6 29. Qe3 Rf8 30. Kh1 Re8 31. e5 Bd5 32. Qf4
g5 33. Qg3 Bc4 34. Rf2 Bf8 35. e6 Bg7 36. e7 Bd5 37. Rfe2 Qf7 {Khismatullin,D 
(2638)-Halkias,S (2581) St Petersburg 2012 1-0}) 8... Nbd7 9. O-O (9. d5 e5 10.
dxe6 Qxe6) 9... e5 10. dxe5 dxe5 11. Qb3 c5 12. e4 f4 13. gxf4 Nh5 14. fxe5 Nf4
$36 15. Rae1 Nxe5 (15... Qe6 {[%csl Rc4]}) 16. Nxe5 Bxe5 17. Bxe5 Qxe5 18. Qe3
cxb4 19. Kh1 Be6 $17 20. Rg1 Rad8 21. Nf3 Qh5 22. Bf1 Bg4 23. Ne5 Bh3 (23...
Be6 $5 {Il vallait peut-être mieux garder le B pour profiter des faiblesses
des cases blanches de l'aile-roi}) 24. Bxh3 Nxh3 25. Ng4 Nxg1 26. Rxg1 Qh4 27.
e5 Rde8 (27... b6) 28. Rg3 Qe7 29. Qxa7 h5 $2 {Oubliant l'échec} (29... Kh8 {
[%cal Gh7h5]} 30. Qb6 h5) 30. Nf6+ Rxf6 31. exf6 Qxf6 32. Qxb7 h4 33. Qd5+ Kh8
34. Rf3 {Après avoir été perdants, les Blancs commencent à prendre le
dessus!} Qa1+ 35. Kg2 Qg7 $2 36. Rf7 $18 Qh6 37. h3 g5 38. Rf5 Rg8 39. c5 Qg6
40. c6 Rc8 41. c7 Qg7 42. Rf7 Qg6 43. Qd8+ 1-0

[Event "Cap d'Agde GP CCAS"]
[Site "Cap d'Agde"]
[Date "2013.10.28"]
[Round "3"]
[White "Nikolov, Momchil"]
[Black "Bonafede, Alessandro"]
[Result "1-0"]
[WhiteElo "2529"]
[BlackElo "2328"]
[Annotator "RR"]
[PlyCount "63"]
[EventDate "2013.10.26"]
[EventType "swiss"]
[EventRounds "9"]
[EventCountry "FRA"]
[SourceTitle "EXT 2016"]
[Source "ChessBase"]
[SourceDate "2015.10.08"]
[SourceVersion "1"]
[SourceVersionDate "2015.10.08"]
[SourceQuality "1"]

1. d4 f5 2. g3 Nf6 3. Bg2 g6 4. Nf3 Bg7 5. c4 (5. b4 {Retarder la poussée c4
donne des options supplémentaires aux Blancs} O-O 6. O-O d6 7. Bb2 {[%csl Ge5]
} c6 (7... Nc6 $5 {Une idée très intéressante du spécialiste de la
variante Leningrad, le GMI Malaniuk} 8. b5 Na5 9. Nbd2 a6 $1 {Kasimdzhanov,R 
(2672)-Malaniuk,V (2534) Aiacciu Masters op 2006 (9) 1/2}) 8. Nbd2 a5 9. a3 $14
) 5... O-O 6. b4 $1 c6 7. O-O Ne4 8. Bb2 a5 (8... d5 9. Nbd2 a5 10. a3 Nd7 11.
Qc2 Nb6 12. c5 Nd7 13. Nb3 a4 14. Na5 f4 15. Nc4 g5 16. Nce5 Qe8 17. Nxd7 Bxd7
18. Ne5 Be6 19. g4 Nf6 20. h3 h5 21. f3 Nd7 22. Rae1 Nxe5 23. dxe5 Bf7 24. Bd4
Bg6 25. Qc3 e6 26. Kf2 Qe7 27. Rh1 Kf7 28. Ref1 Ke8 29. Ke1 Kd7 30. Kd2 Rh8 31.
Qb2 Raf8 32. Qa1 Qd8 33. Qb2 Qa8 34. Qc3 Qa6 35. Rc1 Rh7 36. Qb2 Rfh8 37. Qc3
Ke7 38. Qb2 {Grischuk,A (2736)-Nakamura,H (2708) Bursa 2010 1/2-1/2}) 9. b5
cxb5 10. cxb5 a4 11. Nc3 d5 12. Rc1 a3 13. Ba1 Be6 14. Qb3 Qd6 15. Na4 $146 {
[%csl Ra3][%cal Ga4c5,Gb3a3]} (15. Rfd1 Bh6 16. e3 Nd7 17. Ne5 Nb6 18. Ne2 Ra4
19. Nf4 Rb4 20. Qd3 Bd7 21. Nxd7 Nxd7 22. Qxa3 Bxf4 23. exf4 Nb6 24. Qd3 Ra8
25. f3 {1/2-1/2 (25) Turova,I (2442)-Van Oosterom,C (2422) Maastricht 2011})
15... Nd7 16. Bc3 $1 {[%cal Gc3b4]} Nxc3 17. Rxc3 h6 (17... Rac8 18. Qxa3) 18.
Rfc1 $36 g5 (18... Bf7 {Un peu meilleur mais il était difficile d'anticiper
la combinaison des Blancs}) 19. Rc6 $3 bxc6 20. Rxc6 Qb8 21. Rxe6 $18 Ra5 22.
Nc3 Kh8 23. Qb4 Qa8 24. Rxe7 Rd8 25. Nxd5 Bf8 26. Qd6 Qb8 27. Qg6 Bxe7 28.
Qxh6+ Kg8 29. Nxe7+ Kf7 30. Nxg5+ Kxe7 31. Qe6+ Kf8 32. Qf7# 1-0

[Event "Interzonal-15"]
[Site "Manila"]
[Date "1990.??.??"]
[Round "2"]
[White "Stohl, Igor"]
[Black "Agdestein, Simen"]
[Result "0-1"]
[WhiteElo "2525"]
[BlackElo "2600"]
[Annotator "Ribli,Z"]
[PlyCount "68"]
[EventDate "1990.06.29"]
[EventType "swiss"]
[EventRounds "13"]
[EventCountry "PHI"]
[SourceTitle "CBM 019"]
[Source "ChessBase"]
[SourceDate "1990.12.01"]
[SourceVersion "1"]
[SourceVersionDate "1990.12.01"]
[SourceQuality "1"]

1. c4 f5 2. g3 Nf6 3. Nf3 g6 4. b3 Bg7 5. Bb2 d6 6. d4 O-O 7. Bg2 c6 8. O-O {
-> A 87} Qc7 (8... a5 9. Nbd2 Na6 10. a3 Qc7 11. Qc2 Bd7 12. c5 Kh8 13. Rac1
Rae8 14. Nc4 Be6 15. Rfd1 Ne4 16. Nfd2 $10 {Portisch-Uhlmann Stockholm izt 1962
}) 9. Nbd2 Ng4 (9... Re8 $2 10. d5 $1 cxd5 11. cxd5 Nxd5 12. Bxg7 Kxg7 13. Rc1
Qd7 14. e4 Nf6 15. e5 Ng4 16. exd6 Qxd6 17. h3 Nf6 18. Qe2 Nc6 19. Nc4 Qb4 20.
Rfd1 a5 21. a3 Qxb3 $2 22. Rb1 Qc3 23. Rdc1 $18 Nd4 24. Qd1 $1 Nxf3+ 25. Bxf3 {
1-0 Lebredo-Villareal Mexico D.F. 1978 25/111}) 10. e4 (10. h3 Nh6 11. e4)
10... f4 11. Qc2 (11. h3) 11... fxg3 12. hxg3 e5 13. dxe5 (13. c5 $5) 13...
dxe5 14. c5 b5 15. a4 a5 16. b4 axb4 17. axb5 Rxa1 18. Rxa1 (18. Qc4+ $5) 18...
cxb5 19. Qb3+ Kh8 20. Qxb4 Bd7 21. Rc1 Nc6 22. Qb3 (22. Qxb5 $2 Nd4 23. Qd3 Bb5
24. Nc4 Qxc5 $15) 22... h6 23. Nb1 b4 24. Nbd2 g5 25. Nc4 Be6 26. Qd3 b3 $6 (
26... Nxf2 27. Kxf2 g4 28. Nd6) 27. Nd6 (27. Qxb3 Rb8 (27... Na5 $2 28. Qb6 $1)
(27... Nxf2 $1 28. Kxf2 g4) 28. Qa3) 27... Nb4 28. Qe2 Na2 $1 29. Rc4 Nxf2 30.
Nxe5 (30. Qxf2 g4) 30... Kh7 $1 31. Qh5 Bxe5 32. Bxe5 Ng4 33. Bh3 Bxc4 34. Bxg4
Qxc5+ {Ribli} 0-1

[Event "Bundesliga 0304"]
[Site "Germany"]
[Date "2004.04.25"]
[Round "15.1"]
[White "Rogozenco, Dorian"]
[Black "Bauer, Christian"]
[Result "1/2-1/2"]
[WhiteElo "2517"]
[BlackElo "2602"]
[Annotator "Rogozenco,D"]
[PlyCount "151"]
[EventDate "2003.11.01"]
[EventType "team-tourn"]
[EventRounds "15"]
[EventCountry "GER"]
[SourceTitle "CBM 101"]
[Source "ChessBase"]
[SourceDate "2004.07.27"]
[SourceVersion "1"]
[SourceVersionDate "2004.07.27"]
[SourceQuality "1"]
[WhiteTeam "Neukoelln"]
[BlackTeam "St Ingbert"]
[WhiteTeamCountry "GER"]
[BlackTeamCountry "GER"]

1. d4 g6 2. c4 Bg7 3. Nf3 c5 4. d5 f5 5. g3 Nf6 6. Bg2 d6 7. Nc3 O-O 8. O-O Na6
9. Rb1 {Preparing to fianchetto the bishop after b3 or a3 and b4.} (9. Re1) (9.
Ne1) 9... Nc7 10. a4 {The created weakness of square b4 is not so important.
In order to get there with the knight Black will waste too much time (since he
already played Nc7). Besides, it is unclear whether the knight on b4 is really
active.} h6 $146 (10... Kh8 11. b3 Rb8 12. Bb2 a6 13. e3 b5 14. Qc2 Qe8 15. Nd2
e5 16. Rbe1 b4 17. Nd1 g5 18. f4 $14 {1/2-1/2 Goodman,D-Mokry,K/Groningen 1977
(56)}) (10... Rb8 11. b3 h6 12. Ne1 a6 13. Nd3 g5 14. b4 $1 $14 {1-0
Gaprindashvili,N-Skripchenko,A/Kishinev 1998 (50)}) (10... e5 11. dxe6 Bxe6 12.
Qd3 (12. b3 h6 {- 11.b3}) 12... Ne4 (12... h6 $6 13. Nh4 $5 {[%csl Rb7,Rg6]} (
13. Rd1 $14)) 13. Rd1 $5 $14) 11. b3 e5 (11... g5 $5) 12. dxe6 Bxe6 13. Bb2 a6
(13... d5 14. cxd5 Ncxd5 15. Nxd5 Qxd5 16. Qc2 $14) 14. Qd3 Qd7 15. a5 $1 Rad8
16. Na4 $1 $14 {[%csl Rc5] /+/-} Qf7 17. Rbd1 g5 18. Nd2 Ng4 {One way or
another Black should sacrifice material in order to get some practical chances.
Strategically the battle is almost lost for Black, who has lots of weaknesses
in his pawn structure.} 19. Bxg7 Qxg7 20. Bxb7 Ne5 21. Qc3 Nb5 22. cxb5 Qxb7
23. Nxc5 (23. bxa6 Qa8 $1 {with some compensation.}) 23... Qc8 (23... dxc5 24.
Qxe5 $18) 24. Na4 axb5 25. Qxc8 Rxc8 26. Nb6 Rc2 27. Nf3 Nxf3+ 28. exf3 Bxb3
29. Rxd6 {After a more or less forced sequence of moves, in the arising
endgame both sides have about equal chances, only different goals: White to
win and Black to draw. In that respect maybe Black's chances to reach his goal
are slightly more preferable.} Ba2 $1 (29... Ra2 30. Rb1 $16 {/+-}) 30. a6 Rf7
31. Re1 ({In the post-mortem analysis we thought that White could win with} 31.
Rd8+ Kg7 32. Ra8 {but later I found that Black has} Rc3 $3 ({not} 32... Be6 33.
Ra1 Kf6 34. a7 Rcc7 35. Ra6 Ke5 (35... Rb7 36. Nd5+ Ke5 37. Rxe6+ $18) 36. Nc4+
bxc4 37. Rxe6+ Kxe6 38. Re8+ $18) ({nor} 32... Kf6 33. a7 b4 34. Nd7+ $18) 33.
Ra1 Ra3 {and Black holds somehow.}) 31... Kg7 $1 32. Nd7 Rc7 33. Ra1 Rfxd7 34.
Rxd7+ Rxd7 35. Rxa2 Ra7 36. Ra5 b4 (36... Kf6 $2 37. Kf1 $16) 37. Rxf5 Rxa6 38.
Rb5 Ra3 ({or} 38... Ra1+ 39. Kg2 Rb1) ({weaker is} 38... Ra4 $2 39. Kg2 $16)
39. Kg2 Rb3 {The endgame is a draw.} 40. g4 Kg6 41. Rb6+ Kg7 42. Kg3 Kh7 43. h3
Kg7 44. Kg2 Rb2 45. f4 gxf4 46. Kf3 Rb3+ 47. Kxf4 Rxh3 $8 48. Rxb4 Ra3 49. Ke4
Ra6 50. f4 Kf6 51. Rd4 Re6+ 52. Kf3 Ra6 53. Rd8 Ra3+ 54. Ke4 Ra6 55. Rd4 Re6+
56. Kf3 Ra6 57. Kg3 Ra3+ 58. Kh4 Ra1 59. Rd6+ Kg7 60. f5 Rg1 61. Rd7+ Kf6 62.
Rh7 Rh1+ 63. Kg3 Rg1+ 64. Kf3 Rh1 65. Ra7 Rf1+ 66. Kg2 Rb1 67. Rh7 Kg5 68. Rg7+
Kf4 69. f6 Rb8 70. Kh3 Ke5 71. Rg6 Rf8 72. Rxh6 Rxf6 73. Rh8 Ke6 74. g5 Rf1 75.
Kg4 Rg1+ 76. Kf4 1/2-1/2